Towns of Connecticut from memory - Statistics

General Stats
  • This quiz has been taken 6 times
  • The average score is 83 of 169
Answer Stats
Town % Correct
Greenwich
100%
Hartford
100%
Waterbury
100%
Bridgeport
83%
Danbury
83%
New Haven
83%
Norwalk
83%
Stamford
83%
Stratford
83%
Bethel
67%
East Hartford
67%
East Haven
67%
East Lyme
67%
Easton
67%
Groton
67%
Ledyard
67%
Lyme
67%
New Canaan
67%
New London
67%
Stafford
67%
Stonington
67%
Torrington
67%
Waterford
67%
West Hartford
67%
West Haven
67%
Andover
50%
Ansonia
50%
Ashford
50%
Avon
50%
Beacon Falls
50%
Berlin
50%
Bethany
50%
Bethlehem
50%
Bloomfield
50%
Bristol
50%
Burlington
50%
Canterbury
50%
Canton
50%
Chester
50%
Colebrook
50%
Coventry
50%
Darien
50%
Deep River
50%
Derby
50%
Durham
50%
Eastford
50%
East Granby
50%
East Haddam
50%
East Hampton
50%
East Windsor
50%
Essex
50%
Fairfield
50%
Glastonbury
50%
Goshen
50%
Granby
50%
Haddam
50%
Hartland
50%
Harwinton
50%
Hebron
50%
Kent
50%
Killingly
50%
Killingworth
50%
Lebanon
50%
Lisbon
50%
Litchfield
50%
Manchester
50%
Mansfield
50%
Middlebury
50%
Middlefield
50%
Middletown
50%
Milford
50%
Monroe
50%
Montville
50%
Morris
50%
Naugatuck
50%
New Britain
50%
New Fairfield
50%
Newington
50%
New Milford
50%
Newtown
50%
Norfolk
50%
North Haven
50%
North Stonington
50%
Norwich
50%
Old Lyme
50%
Old Saybrook
50%
Orange
50%
Preston
50%
Prospect
50%
Putnam
50%
Redding
50%
Ridgefield
50%
Rocky Hill
50%
Roxbury
50%
Salem
50%
Salisbury
50%
Seymour
50%
Sharon
50%
Sherman
50%
Somers
50%
Southbury
50%
Southington
50%
South Windsor
50%
Sprague
50%
Sterling
50%
Thomaston
50%
Thompson
50%
Tolland
50%
Trumbull
50%
Union
50%
Voluntown
50%
Washington
50%
Watertown
50%
Westbrook
50%
Weston
50%
Westport
50%
Wethersfield
50%
Willington
50%
Winchester
50%
Windham
50%
Windsor
50%
Windsor Locks
50%
Woodbridge
50%
Woodbury
50%
Woodstock
50%
Barkhamsted
33%
Bolton
33%
Bozrah
33%
Branford
33%
Bridgewater
33%
Brookfield
33%
Brooklyn
33%
Canaan
33%
Chaplin
33%
Cheshire
33%
Clinton
33%
Colchester
33%
Columbia
33%
Cornwall
33%
Cromwell
33%
Ellington
33%
Enfield
33%
Farmington
33%
Franklin
33%
Griswold
33%
Guilford
33%
Hamden
33%
Hampton
33%
Madison
33%
Marlborough
33%
Meriden
33%
New Hartford
33%
North Branford
33%
North Canaan
33%
Oxford
33%
Plainfield
33%
Plainville
33%
Plymouth
33%
Pomfret
33%
Portland
33%
Scotland
33%
Shelton
33%
Simsbury
33%
Suffield
33%
Vernon
33%
Warren
33%
Wilton
33%
Wolcott
33%
Wallingford
17%
No matching quizzes found
Score Distribution
Percent of People with Each Score
Percentile by Number Answered
Your Score History
You have not taken this quiz